| Tag |
First Indicator |
Second Indicator |
Subfields |
| LEADER |
00000cam a2200000 a 4500 |
| 001 |
in00001729708 |
| 005 |
20240625170748.0 |
| 008 |
020605s2001 cu 000 0 spa |
| 010 |
|
|
|a 2002523438
|
| 019 |
|
|
|a 50766384
|
| 020 |
|
|
|a 9597070316
|q (paperback)
|
| 020 |
|
|
|a 9789597070313
|q (paperback)
|
| 029 |
1 |
|
|a AU@
|b 000027141428
|
| 035 |
|
|
|a (OCoLC)ocm60375645
|
| 035 |
|
|
|a (OCoLC)60375645
|z (OCoLC)50766384
|
| 035 |
|
|
|a (OCoLC)ocm60375645
|
| 040 |
|
|
|a DLC
|b eng
|c DLC
|d OCLCG
|d OCLCF
|d OCLCO
|d OCLCQ
|d OCLCO
|d OCL
|d OCLCO
|d OCL
|d OCLCO
|d OCL
|d OCLCO
|d OCLCQ
|d OCLCL
|
| 043 |
|
|
|a n-mx---
|
| 050 |
0 |
0 |
|a F1219.1.C45
|b A67 2001
|
| 082 |
0 |
4 |
|a 356.15
|q OCoLC
|2 20/eng/20230216
|
| 245 |
0 |
0 |
|a Ansias del alba, textos zapatistas /
|c [compilación, Gabriel Caparó].
|
| 260 |
|
|
|a La Habana :
|b Editorial Caminos,
|c 2001.
|
| 300 |
|
|
|a 373 pages ;
|c 21 cm
|
| 336 |
|
|
|a text
|b txt
|2 rdacontent
|
| 337 |
|
|
|a unmediated
|b n
|2 rdamedia
|
| 338 |
|
|
|a volume
|b nc
|2 rdacarrier
|
| 650 |
|
0 |
|a Indians of Mexico
|z Mexico
|z Chiapas
|x Politics and government.
|
| 651 |
|
0 |
|a Mexico
|x Politics and government
|y 1988-2000.
|
| 650 |
|
0 |
|a Indians of Mexico
|x Civil rights
|z Mexico
|z Chiapas.
|
| 650 |
|
0 |
|a Indians of Mexico
|z Mexico
|z Chiapas
|x Government relations.
|
| 610 |
2 |
0 |
|a Ejército Zapatista de Liberación Nacional (Mexico)
|
| 651 |
|
0 |
|a Chiapas (Mexico)
|x History
|y Peasant Uprising, 1994-
|
| 651 |
|
6 |
|a Mexique
|x Politique et gouvernement
|y 1988-2000.
|
| 651 |
|
6 |
|a Chiapas (Mexique)
|x Histoire
|y 1994- (Révolte paysanne)
|
| 610 |
2 |
7 |
|a Ejército Zapatista de Liberación Nacional (Mexico)
|2 fast
|0 (OCoLC)fst00699014
|
| 650 |
|
7 |
|a Indians of Mexico
|x Civil rights.
|2 fast
|0 (OCoLC)fst00969532
|
| 650 |
|
7 |
|a Indians of Mexico
|x Government relations.
|2 fast
|0 (OCoLC)fst00969556
|
| 650 |
|
7 |
|a Indians of Mexico
|x Politics and government.
|2 fast
|0 (OCoLC)fst00969609
|
| 650 |
|
7 |
|a Politics and government
|2 fast
|0 (OCoLC)fst01919741
|
| 651 |
|
7 |
|a Mexico.
|2 fast
|0 (OCoLC)fst01211700
|1 https://id.oclc.org/worldcat/entity/E39QbtfRkxCrqQ3XXbCkdP63kc
|
| 651 |
|
7 |
|a Mexico
|z Chiapas.
|2 fast
|0 (OCoLC)fst01202769
|1 https://id.oclc.org/worldcat/entity/E39QbtfRqGFcPQBxhtpBXvGqDY
|
| 647 |
|
7 |
|a Peasant Uprising
|c (Chiapas, Mexico :
|d 1994-)
|2 fast
|0 (OCoLC)fst01353956
|1 https://id.oclc.org/worldcat/entity/E39Qhp4vB9tJcWmFcHkbyVyKfy
|
| 648 |
|
7 |
|a Since 1988
|2 fast
|
| 655 |
|
7 |
|a History.
|2 fast
|0 (OCoLC)fst01411628
|
| 700 |
1 |
|
|a Caparó, Gabriel,
|d 1974-
|1 https://id.oclc.org/worldcat/entity/E39PCjJyj877GQX3XQkBq3qHhb
|
| 758 |
|
|
|i has work:
|a Ansias del alba, textos zapatistas (Text)
|1 https://id.oclc.org/worldcat/entity/E39PCH74WPKTFJdcP74r4BBtXb
|4 https://id.oclc.org/worldcat/ontology/hasWork
|
| 948 |
|
|
|h HELD BY TXA - 10 OTHER HOLDINGS
|
| 994 |
|
|
|a Z0
|b TXA
|
| 999 |
f |
f |
|s 3332769a-0d28-3c6e-ae59-2953ed1bf7f6
|i cd0fcbde-4106-3dcc-a114-dd485bf5e6b8
|t 0
|
| 952 |
f |
f |
|p ric
|a Texas A&M University
|b Rellis Campus
|c Joint Library Facility
|d Remote Storage
|t 0
|e F1256 .A675 2001
|h Library of Congress classification
|i unmediated -- volume
|m A14829836221
|
| 998 |
f |
f |
|a F1256 .A675 2001
|t 0
|l Remote Storage
|